Dadhypata Bhakti/ (Record no. 190751)
[ view plain ]
| 000 -LEADER | |
|---|---|
| fixed length control field | 00464nam a22001817a 4500 |
| 005 - DATE AND TIME OF LATEST TRANSACTION | |
| control field | 20220804104545.0 |
| 010 ## - LCCN (DPL NO) | |
| LC control number | ENG-134252 |
| 020 ## - INTERNATIONAL STANDARD BOOK NUMBER | |
| Terms of availability | 250.00 |
| 035 ## - SYSTEM CONTROL NUMBER | |
| System control number | EN-117784 |
| 037 ## - SOURCE OF ACQUISITION | |
| Source of stock number/acquisition | DBAD/PUB |
| 082 ## - DEWEY DECIMAL CLASSIFICATION NUMBER | |
| Classification number | 230.4 |
| 100 ## - MAIN ENTRY--PERSONAL NAME | |
| Personal name | Mahapatra, Ramesh Chandra |
| 245 ## - TITLE STATEMENT | |
| Title | Dadhypata Bhakti/ |
| Statement of responsibility, etc | Ramesh Chandra Mahapatra |
| 260 ## - PUBLICATION, DISTRIBUTION, ETC. (IMPRINT) | |
| Place of publication, distribution, etc | Cuttack |
| Name of publisher, distributor, etc | Nishabda |
| Date of publication, distribution, etc | 2019 |
| 270 ## - ADDRESS | |
| City | Cuttack |
| 300 ## - PHYSICAL DESCRIPTION | |
| Extent | 216p. |
| Dimensions | 21cm(hb) |
| 942 ## - ADDED ENTRY ELEMENTS (KOHA) | |
| Source of classification or shelving scheme | Dewey Decimal Classification |
| Item type | English Books |
| Classification part | 230.4 |
| Call number suffix | MAH |
| Withdrawn status | Lost status | Not for loan | Collection code | Home library | Current library | Date acquired | Source of acquisition | Cost, normal purchase price | Full call number | Barcode | Copy number | Cost, replacement price | Koha item type |
|---|---|---|---|---|---|---|---|---|---|---|---|---|---|
| Non-fiction | Bawana | Bawana | 04/08/2022 | DBAD/PUB | 250.00 | 230.4 MAH | EN-117784 | 1 | 250.00 | English Books |
